| 000 | 02222cam a22006014i 4500 | ||
|---|---|---|---|
| 003 | PE-LiUPU | ||
| 005 | 20250731173044.0 | ||
| 008 | 150626s2015 gau rb 001 0 eng | ||
| 020 | _a0884140970 | ||
| 020 | _a0884140997 | ||
| 020 | _a9780884140979 | ||
| 035 | _a(Sirsi) i9780884140979 | ||
| 035 |
_a(OCoLC)913117016 _z(OCoLC)914589329 |
||
| 040 |
_aDLC _beng _erda _cDLC _dYDXCP _dBTCTA _dOCLCF _dDRU _dDTM _dUBY _dVLB _dYUS _dOCLCQ _dPE-LiUPU |
||
| 049 | _aPRUA | ||
| 050 | 0 | 0 |
_aBL1660 _b.D63 2015 |
| 082 | 0 | 0 |
_a299.26 _bD85 _223 |
| 100 | 1 |
_aDoak, Brian R., _eautor. |
|
| 245 | 1 | 0 |
_aPhoenician aniconism in its mediterranean and ancient Near Eastern contexts / _cby Brian R. Doak. |
| 264 | 1 |
_aAtlanta, Georgia : _bSBL Press, _c2015. |
|
| 300 |
_axxi, 182 páginas : _bilustraciones ; _c23 centímetros. |
||
| 336 |
_atext _2rdacontent |
||
| 337 |
_aunmediated _2rdamedia |
||
| 338 |
_avolume _2rdacarrier |
||
| 490 | 1 |
_aArchaeology and biblical studies ; _vnumber 21 |
|
| 504 | _aBibliografía : páginas 145-173. | ||
| 504 | _aIndice : páginas 175-177. | ||
| 505 | 0 | _aThe problem -- No statues or familiar images? -- Aniconism in theoretical and art-historical perspective -- Phoenician iconism -- Phoenician aniconism -- Conclusions. | |
| 526 | _aSEG42 | ||
| 526 | _aSEG41 | ||
| 526 | _aSEG40 | ||
| 526 | _aSEG39 | ||
| 526 | _aP94 | ||
| 526 | _aP87 | ||
| 526 | _aP86 | ||
| 526 | _aP85 | ||
| 526 | _aP77 | ||
| 526 | _aP76 | ||
| 526 | _aP35 | ||
| 650 | 0 | _aIconoclasia. | |
| 650 | 0 |
_aÍdolos e imágenes _xAdoración. |
|
| 650 | 0 |
_aFenicios _xReligión. |
|
| 650 | 0 | _aIconoclasm. | |
| 650 | 0 |
_aIdols and images _xWorship. |
|
| 650 | 0 |
_aPhoenicians _xReligion. |
|
| 910 |
_adbm _bncf _cncf _d20171227 |
||
| 942 |
_2ddc _cBOOK |
||
| 949 |
_a299.26 D85 _wDEWEY _c1 _i77781 _lCATALOGING _mBUL _p21.50 _r0 _sY _tBOOK _u2017-12-27 _xPOSGRADO _PP85 _0COMPRA _o.STAFF. Colección Teología. |
||
| 994 |
_aC0 _bPEPRU |
||
| 596 | _a1 | ||
| 999 |
_a299.26 D85 _wDEWEY _c26432 _i77781 _f2021-11-11 _g4 _lCCODEBUL1 _mBUL _p21.50 _r0 _sY _tBOOK _u2017-12-27 _xTEOLOGIA _PP85 _0DONACION _o.STAFF. Colección Teología. _d26432 |
||
| 980 |
_81 _gALBERTO SANCHEZ Responsable de Automatización |
||